| 000 | 00499nam a2200181Ia 4500 | ||
|---|---|---|---|
| 005 | 20250508154946.0 | ||
| 008 | 008 250505s9999 xx 000 0 eng d | ||
| 037 | _aBooks to be hide in OPAC | ||
| 040 |
_aFEDL _beng _cFEDL |
||
| 041 |
_aeng _2eng |
||
| 084 |
_a001.42, MOS _qFEDL |
||
| 100 |
_aoser C A _9766461 |
||
| 245 | 0 | _aSurvey methods in social investigation | |
| 300 | _axiii, 352p | ||
| 650 | _aResearch methods | ||
| 942 |
_cHB _h001.42, MOS |
||
| 999 |
_c1353135 _d1353135 |
||